000 00566nam a2200229Ia 4500
003 OSt
005 20220924142220.0
006 a|||||r|||| 00| 0
007 ta
008 220923b |||||||| |||| 00| 0 ben d
024 _a300859
037 _cTextual
040 _aARTS
_cARTS
_bben
041 _2ben
_aben
082 _aV262:51'M50<-M00, 157N1
100 _aBhadra
_9209798
245 0 _aIman o nishan
260 _c1994
650 _aHISTORY
942 _hV262:51'M50<-M00, 157N1
_cTEXL
_2CC
999 _c449734
_d449734